[Event "UT Dallas GM Invitational"]
[Site "Richardson USA"]
[Date "2011.03.15"]
[Round "7"]
[White "Shabalov,A"]
[Black "Ramirez,Alej"]
[Result "0-1"]
[WhiteElo "2590"]
[BlackElo "2594"]

1.c4 c6 2.d4 d5 3.Nc3 Nf6 4.e3 a6 5.Nf3 Bf5 6.Bd2 e6 7.Nh4 Bg4 8.Qb3 b5 9.cxd5 exd5
10.Qc2 Bb4 11.g3 O-O 12.Bg2 Nbd7 13.O-O Re8 14.a3 Bf8 15.f4 Nb6 16.f5 Bd6
17.Rae1 Rc8 18.Kh1 Nh5 19.f6 Nxf6 20.e4 dxe4 21.Nxe4 Nbd5 22.Bg5 Be7 23.Qf2 Be6
24.Bd2 Nxe4 25.Rxe4 Nf6 26.Ree1 Ng4 27.Qf4 Bd6 28.Qe4 Nxh2 29.Kxh2 Bd7 30.Qf3 Qxh4+  0-1

[Event "ch-PriFO A"]
[Site "Tolyatti RUS"]
[Date "2011.03.15"]
[Round "6.10"]
[White "Terekhin,A"]
[Black "Pushin,V"]
[Result "0-1"]
[WhiteElo "2296"]
[BlackElo "2393"]

1.c4 c6 2.e4 d5 3.exd5 cxd5 4.cxd5 Nf6 5.Nc3 Nxd5 6.Bc4 Nb6 7.Bb3 Nc6 8.Nf3 Na5
9.Bc2 Bg4 10.O-O e6 11.h3 Bh5 12.d4 Be7 13.Re1 Nc6 14.Be4 Bg6 15.Bxc6+ bxc6
16.Ne5 Rc8 17.Qf3 Nd5 18.Nxd5 cxd5 19.Bd2 O-O 20.Nxg6 hxg6 21.Bc3 Qb6 22.a3 Rc4
23.Rad1 Rfc8 24.Rd3 a5 25.g3 a4 26.h4 Bf6 27.Red1 Qb3 28.Kg2 Qc2 29.R1d2 Qc1
30.Qe2 Be7 31.f4 Qb1 32.h5 gxh5 33.f5 R8c6 34.Rd1 Qa2 35.fxe6 Rxe6 36.Re3 Rxe3
37.Qxe3 Qb3 38.Rd2 Qb7 39.Re2 Bf6 40.Qf3 Qd7 41.Qxh5 Bxd4 42.Bxd4 Rxd4 43.Qe5 Rc4
44.Qe8+ Qxe8 45.Rxe8+ Kh7 46.Kf3 Kg6 47.Rb8 Rd4 48.Ke3 Re4+ 49.Kf3 f5 50.Rd8 d4
51.Rd7 Kf6 52.Kf2 g5 53.Rd8 Ke5 54.Re8+ Kd5 55.Rb8 d3 56.b4 axb3 57.Rxb3 Kc4
58.Rb8 d2 59.Rd8 Rd4  0-1

[Event "ch-PriFO A"]
[Site "Tolyatti RUS"]
[Date "2011.03.17"]
[Round "8.18"]
[White "Terekhin,A"]
[Black "Skomorokhin,R"]
[Result "1-0"]
[WhiteElo "2296"]
[BlackElo "2415"]

1.c4 c6 2.e4 d5 3.exd5 cxd5 4.cxd5 Nf6 5.Nc3 Nxd5 6.Bc4 Nxc3 7.Qb3 e6 8.dxc3 Bd6
9.Nf3 O-O 10.O-O Qc7 11.Bd3 Nd7 12.Qc2 h6 13.Re1 Nf6 14.h3 b6 15.Nd4 Bb7
16.Nb5 Bh2+ 17.Kh1 Qc6 18.f4 Bg3 19.Re5 Rfd8 20.Nd4 Qc7 21.Qe2 Rac8 22.Bd2 Rd5
23.Rxd5 Bxd5 24.Rf1 Bh4 25.Kh2 Nd7 26.Nb5 Qb8 27.c4 Ba8 28.b4 Bf6 29.Nc3 Rd8
30.Ne4 Be7 31.Bc3 Bxe4 32.Bxe4 Bf6 33.Be1 Qd6 34.a3 Rc8 35.Bg3 a5 36.Rd1 Qe7
37.Qd3 Nf8 38.c5 bxc5 39.bxa5 c4 40.Qd6 Qxd6 41.Rxd6 c3 42.Bc2 Be7 43.Rd3 Ra8
44.Rxc3 Rxa5 45.a4 Rc5 46.Rxc5 Bxc5 47.f5 Bb6 48.Bd6 exf5 49.Bxf5 g6 50.Bc8 Ba5
51.Kg3 Ne6 52.Bxe6 fxe6 53.Kf4 Kf7 54.Ke5 h5 55.g4 hxg4 56.hxg4 Bc3+ 57.Ke4 Kf6
58.Be5+ Bxe5 59.g5+  1-0

[Event "ch-PriFO A"]
[Site "Tolyatti RUS"]
[Date "2011.03.17"]
[Round "8.14"]
[White "Sidorov,A"]
[Black "Kozionov,Kirill"]
[Result "0-1"]
[WhiteElo "2358"]
[BlackElo "2156"]

1.c4 c6 2.Nf3 d5 3.b3 Bg4 4.e3 e6 5.Bb2 Nf6 6.Be2 Nbd7 7.d3 Bd6 8.Nbd2 Qe7
9.a3 e5 10.h3 Bh5 11.g4 Bg6 12.Nh4 O-O-O 13.b4 Ne8 14.Nxg6 hxg6 15.cxd5 cxd5
16.Qb3 Nc7 17.Bf3 Qe6 18.O-O-O g5 19.Kb1 Kb8 20.Rc1 f6 21.Qd1 g6 22.Nb3 b6
23.Nd2 f5 24.gxf5 gxf5 25.e4 Nf6 26.Qe2 g4 27.Bg2 fxe4 28.dxe4 gxh3 29.Bf3 d4
30.Rcg1 Rdg8 31.Rg3 Rxg3 32.fxg3 Qg8 33.Nc4 Qe6 34.Rh2 Be7 35.Bc1 Rg8 36.Nxe5 Rxg3
37.Nd3 Nb5 38.Bb2 Qb3 39.Kc1 Rg1+  0-1

[Event "Zonal 2.3 Caribbean 2011"]
[Site "Santiago de los Caballeros DOM"]
[Date "2011.03.18"]
[Round "1"]
[White "Leon Hoyos,M"]
[Black "Cabralis,K"]
[Result "1-0"]
[WhiteElo "2546"]
[BlackElo "2203"]

1.c4 c6 2.Nf3 d5 3.g3 Bf5 4.Bg2 h6 5.cxd5 cxd5 6.Qb3 Qc7 7.Nc3 e6 8.d3 Nc6
9.Bf4 Qb6 10.Qxb6 axb6 11.O-O g5 12.Bd2 d4 13.Nb5 Rd8 14.Rfc1 Bg7 15.Be1 Nge7
16.Nc7+ Kd7 17.Nb5 Nd5 18.Nd2 Nc7 19.a4 Bg4 20.Nc4 Na8 21.Kf1 Ke7 22.a5 bxa5
23.Nxa5 Nxa5 24.Bxa5 Rd7 25.h3 Bh5 26.Rc4 Be5 27.Rac1 Kf6 28.Rc8 Rxc8 29.Rxc8 b6
30.Bb4 Nc7 31.Bc6 Nxb5 32.Bxd7 Nd6 33.Rc6 Ke7 34.Bc8  1-0

[Event "5th Agzamov Mem"]
[Site "Tashkent UZB"]
[Date "2011.03.18"]
[Round "1"]
[White "Vakhidov,T"]
[Black "Fedyashin,S"]
[Result "1-0"]
[WhiteElo "2490"]
[BlackElo "2102"]

1.c4 c6 2.d4 d5 3.Nf3 e6 4.Nc3 dxc4 5.a4 Bb4 6.e4 Nf6 7.Bg5 Qa5 8.Bd2 Qa6
9.e5 Bxc3 10.Bxc3 Ne4 11.Qb1 Nxc3 12.bxc3 Qa5 13.Qb2 b6 14.Bxc4 Ba6 15.Nd2 Bxc4
16.Nxc4 Qa6 17.Nd6+ Kf8 18.a5 b5 19.Qe2 Ke7 20.Qh5 g6 21.Qh4+ Kd7 22.Nxf7 Re8
23.Nd6 Re7 24.O-O c5 25.Rfb1 b4 26.cxb4 cxb4 27.Rxb4 Nc6 28.Rb7+ Kd8 29.Qf6  1-0

[Event "Schachbundesliga 2010-11"]
[Site "Emsdetten GER"]
[Date "2011.03.19"]
[Round "12"]
[White "Dinstuhl,V"]
[Black "Schneider,Il"]
[Result "0-1"]
[WhiteElo "2424"]
[BlackElo "2519"]

1.c4 c6 2.Nf3 Nf6 3.b3 g6 4.Bb2 Bg7 5.g3 O-O 6.Bg2 d5 7.O-O Bg4 8.d3 Nbd7
9.Nbd2 a5 10.h3 Bxf3 11.Nxf3 Qb6 12.Qc2 a4 13.Bc3 axb3 14.axb3 Nh5 15.Bxg7 Nxg7
16.d4 Nf5 17.e3 Qb4 18.cxd5 cxd5 19.Rxa8 Rxa8 20.Qc7 Nf6 21.Ne5 Re8 22.Nd3 Qxb3
23.Nc5 Qc3 24.Qxb7 Nd6 25.Qa7 Kg7 26.Rb1 Qc2 27.Ra1 h5 28.Qa4 Qxa4 29.Rxa4 Rb8
30.Bf3 g5 31.g4 hxg4 32.hxg4 Nde4 33.Bxe4 dxe4 34.d5 Rb2 35.Nxe4 Nxg4 36.Nxg5 Nxf2
37.Rf4 Kg6 38.Rxf2 Rxf2 39.Kxf2 Kxg5 40.Kf3 Kf5 41.e4+ Ke5 42.Ke3 f6 43.Kd3 f5
44.exf5 Kxd5 45.Ke3 Ke5 46.f6 exf6 47.Kf3 Kf5 48.Ke3 Kg4 49.Kf2 Kf4  0-1

[Event "e2e4 Uxbridge Open"]
[Site "Denham ENG"]
[Date "2011.03.20"]
[Round "4"]
[White "Buyandalai,Tumen"]
[Black "Lock,G"]
[Result "1-0"]
[WhiteElo "2059"]
[BlackElo "2192"]

1.c4 c6 2.Nc3 d5 3.d4 Nf6 4.Nf3 e6 5.g3 Nbd7 6.Qb3 Bd6 7.Bg5 h6 8.Bxf6 Qxf6
9.Bg2 O-O 10.Rd1 Qe7 11.O-O dxc4 12.Qxc4 e5 13.d5 Nb6 14.Qb3 cxd5 15.Nxd5 Nxd5
16.Qxd5 Bc7 17.Nd2 Rb8 18.Qb3 Bg4 19.Bf3 Be6 20.Bd5 Bxd5 21.Qxd5 Rfd8 22.Qb3 Bb6
23.Nc4 Bc5 24.e4 Qe6 25.Rd3 Rxd3 26.Qxd3 b5 27.Na5 Bd4 28.b4 h5 29.Nb3 Qc4
30.Qf3 Qxb4 31.Rc1 a5 32.Rc7 Rf8 33.Rd7 a4 34.Nxd4 Qb1+ 35.Kg2 exd4 36.a3 Qb2
37.Qxh5 b4 38.axb4 a3 39.Qa5 a2 40.Ra7 Qe2 41.Qd5 d3 42.Rxa2 Qe1 43.b5 Re8
44.Qxd3 Rxe4 45.Ra8+ Kh7 46.b6 g6 47.b7 Re2 48.Rh8+ Kxh8 49.b8=Q+ Kh7 50.Qf4  1-0

[Event "e2e4 Uxbridge Open"]
[Site "Denham ENG"]
[Date "2011.03.20"]
[Round "5"]
[White "Tserendorj,S"]
[Black "Grigoryan,Meri"]
[Result "0-1"]
[WhiteElo "1942"]
[BlackElo "2064"]

1.c4 c6 2.Nf3 d5 3.d4 Nf6 4.Nc3 dxc4 5.a4 Bf5 6.e3 e6 7.Bxc4 Bb4 8.O-O Nbd7
9.Na2 Bd6 10.Bd3 Ne4 11.Nc3 Nxc3 12.bxc3 Bg4 13.Be2 O-O 14.Nd2 Bxe2 15.Qxe2 Re8
16.f4 c5 17.Nc4 Bf8 18.Bd2 Nf6 19.Rfb1 Qd5 20.Ne5 a6 21.Rb2 Rac8 22.Re1 cxd4
23.cxd4 Ba3 24.Rbb1 Rc2 25.Qd3 Rec8 26.Nf3 Ne4 27.Red1 Nc3 28.e4 Nxe4 29.Be1 Bb2
30.h3 f5 31.Kh2 b5 32.axb5 axb5 33.Qe3 Qa2 34.Qg1 Bc1 35.Rxb5 Bxf4+ 36.Kh1 Rc1
37.Rxc1 Rxc1 38.Ne5 h5 39.Rb8+ Kh7 40.Rh8+ Kxh8 41.Ng6+ Kh7 42.Nxf4 Qb1  0-1

[Event "Kiev Spring 2011"]
[Site "Kiev UKR"]
[Date "2011.03.20"]
[Round "3.11"]
[White "Ismaylov,Volodymyr"]
[Black "Urbanski,G"]
[Result "1-0"]
[WhiteElo "1985"]
[BlackElo "2202"]

1.c4 c6 2.g3 d5 3.cxd5 cxd5 4.Bg2 Nf6 5.Nf3 Nc6 6.O-O Qb6 7.d3 e5 8.Nc3 h6
9.a3 Be6 10.b4 Bd6 11.Na4 Qc7 12.Bb2 a6 13.Rc1 O-O 14.Nc5 Bg4 15.h3 Bf5 16.Nh4 Bh7
17.Qb3 g5 18.Nf3 Bxc5 19.Rxc5 Qd6 20.Rfc1 e4 21.dxe4 Bxe4 22.Qc3 Bxf3 23.Bxf3 d4
24.Qd2 Nd7 25.Rd5 Qe6 26.Bxd4 Nde5 27.Bxe5 Nxe5 28.Bg2 Rac8 29.Rxc8 Rxc8
30.Rd8+ Kg7 31.Rxc8 Qxc8 32.Qb2 f6 33.a4 b6 34.Qd4 Qc7 35.Kh2 Ng6 36.Qd5 Ne7
37.Qe6 a5 38.b5 Qc5 39.e3 Qc7 40.Bf1 Ng6 41.Bc4 f5 42.Bd3 Nh4 43.Bxf5 Nf3+
44.Kg2 Ne1+ 45.Kf1 Qc1 46.Qe7+  1-0

[Event "FIDE Zonal 3.5 w 2011"]
[Site "Tianjin CHN"]
[Date "2011.03.21"]
[Round "2"]
[White "Tan Zhongyi"]
[Black "Li,X"]
[Result "0-1"]
[WhiteElo "2428"]
[BlackElo "2073"]

1.c4 c6 2.e4 d5 3.exd5 cxd5 4.d4 Nf6 5.Nc3 Nc6 6.Bg5 Be6 7.c5 Ne4 8.Be3 g6
9.Qa4 Nxc3 10.bxc3 Bg7 11.Rb1 Qc8 12.Bd3 O-O 13.Ne2 b6 14.O-O bxc5 15.Ba6 Qe8
16.dxc5 Bd7 17.Qd1 Bf5 18.Rb2 Rd8 19.Nd4 Bc8 20.Bb5 Bd7 21.Qa4 Nxd4 22.cxd4 Bxb5
23.Qxb5 e5 24.c6 exd4 25.Bd2 Rc8 26.Bb4 Qxc6 27.Qxc6 Rxc6 28.Bxf8 Bxf8 29.Rd1 a5
30.g3 Rc4 31.Kf1 Bb4 32.Ke2 Bc3 33.Rb3 Rc6 34.Rb5 Re6+ 35.Kd3 Rf6 36.Rf1 Rf3+
37.Ke2 Rf6 38.Rc1 Re6+ 39.Kd3 Rf6 40.Rf1 Rf3+ 41.Ke2 Rf6 42.a3 Rd6 43.Kd3 Kg7
44.Rd1 Rf6 45.Rf1 Rd6 46.h3 h6 47.f4 Re6 48.Rf3 Rd6 49.f5 Kf6 50.fxg6+ Kxg6
51.g4 a4 52.Rb7 f6 53.Ra7 Bb2 54.Rxa4 Rc6 55.Kd2 Bc1+ 56.Ke2 Be3 57.Rf1 Rc2+
58.Kf3 Rc3 59.Ra6 Bg5+ 60.Kg2 d3 61.a4 d2 62.Rd6 Rc2 63.Kg1 Be3+ 64.Kh1 Bd4
65.h4 Rc1 66.h5+ Kf7  0-1

[Event "FIDE Zonal 3.5 2011"]
[Site "Tianjin CHN"]
[Date "2011.03.22"]
[Round "3"]
[White "Li Chao2"]
[Black "Yu Ruiyuan"]
[Result "1-0"]
[WhiteElo "2646"]
[BlackElo "2439"]

1.c4 c6 2.Nf3 d5 3.d4 Nf6 4.Nc3 dxc4 5.a4 Bf5 6.e3 e6 7.Bxc4 Bb4 8.O-O Nbd7
9.Qe2 O-O 10.e4 Bg4 11.Rd1 Qa5 12.e5 Nd5 13.Nxd5 cxd5 14.Bb5 Qd8 15.h3 Bh5
16.g4 Bg6 17.h4 Rc8 18.Bg5 Be7 19.Bxe7 Qxe7 20.h5 Be4 21.Nd2 Bc2 22.Rdc1 a6
23.Bxd7 Qxd7 24.a5 Rc7 25.Nf3 Rfc8 26.Ne1 Ba4 27.Qe3 Bb5 28.g5 Qe7 29.Qf4 Qb4
30.Rcb1 Be2 31.h6 Rc4 32.Qe3 Bh5 33.Nd3 Qe7 34.Rc1 gxh6 35.gxh6 Kh8 36.Qf4 Rg8+
37.Kf1 Rg4 38.Qf6+ Qxf6 39.exf6 Rh4 40.Kg2 Rg4+ 41.Kh3 Rcxd4 42.Rc8+ Rg8
43.Rxg8+ Kxg8 44.Rc1 Rc4 45.Rxc4 dxc4 46.Ne5 Kf8 47.Nxc4 Ke8 48.Kh4 Bg6 49.Kg5 Kd7
50.Ne5+ Kd6 51.f4 Bc2 52.Nxf7+ Kd7 53.Ne5+ Kd6 54.Kg4  1-0

[Event "Zonal 2.3 Caribbean 2011"]
[Site "Santiago de los Caballeros DOM"]
[Date "2011.03.23"]
[Round "8"]
[White "Mateo,Ra"]
[Black "Cabralis,K"]
[Result "1-0"]
[WhiteElo "2446"]
[BlackElo "2203"]

1.c4 c6 2.e4 d5 3.exd5 cxd5 4.d4 g6 5.Nc3 Nf6 6.Bg5 Ne4 7.Nxe4 dxe4 8.Qd2 Bf5
9.h3 h5 10.Ne2 Bg7 11.Rd1 Nc6 12.d5 Ne5 13.Nd4 Rc8 14.b3 Qb6 15.Nb5 a6 16.Be3 Qd8
17.Nd4 b5 18.Qb4 bxc4 19.Bxc4 Nxc4 20.bxc4 Bxd4 21.Bxd4 f6 22.c5 Kf7 23.Be3 Rb8
24.Qc3 Qc7 25.O-O Rhd8 26.Qc4 Qb7 27.Rd2 Qb5 28.Qc2 e6 29.dxe6+ Bxe6 30.Rxd8 Rxd8
31.Qxe4 Bxa2 32.Qf4 Qc6 33.Ra1 Be6 34.Rb1 g5 35.Qb4 Bf5 36.Qc4+ Be6 37.Qe2 Kg6
38.Rb6 Qe4 39.f3 Qe5 40.Rb1 Bf5 41.Re1 Bd3 42.Qf2 Bb5 43.h4 Qf5 44.hxg5 fxg5
45.Bd4 Qd5 46.Qc2+ Kh6 47.Rd1 Qg8 48.Qf5 Rf8 49.Bf6 Qg6 50.Bxg5+ Kg7 51.Qe5+ Kg8
52.Be7 Re8 53.Rd6 Qg7 54.Qxh5 Qa1+ 55.Kh2 Rxe7 56.Rd8+ Be8 57.Rxe8+ Rxe8
58.Qxe8+ Kg7 59.c6 Qf6 60.Qe4 Qh6+ 61.Kg3 Qd6+ 62.f4 Kf7 63.Qc4+ Ke7 64.c7 Qg6+
65.Kf3 Qh5+ 66.Ke3 Qh4 67.Qc5+ Kf7 68.Qd5+ Kg7 69.Qg5+  1-0

[Event "ch-VIE Women"]
[Site "Da Lat VIE"]
[Date "2011.03.24"]
[Round "7.6"]
[White "Hoang Thi Nhu Y"]
[Black "Nguyen Thi Hanh"]
[Result "1-0"]
[WhiteElo "2243"]
[BlackElo "1969"]

1.c4 c6 2.Nf3 Nf6 3.d4 d5 4.Bf4 dxc4 5.Qc2 b5 6.a4 Bb7 7.e3 a6 8.Be2 e6 9.O-O Bd6
10.Bg5 O-O 11.e4 Be7 12.Rd1 Nbd7 13.Ne5 Re8 14.Bf3 Qc7 15.Nxd7 Qxd7 16.Nc3 Rad8
17.Ne2 Nd5 18.Bxe7 Nxe7 19.Qc1 Qc7 20.Qg5 Ng6 21.Qc5 Qe7 22.Qb6 e5 23.Ng3 Rd7
24.Bg4 Qd8 25.Qa7 Rc7 26.dxe5 Qa8 27.Qb6 Qb8 28.e6 fxe6 29.Rd6 Nf4 30.Rad1 Qc8
31.h3 Nd3 32.Rxe6 Rxe6 33.Bxe6+ Qxe6 34.Qxc7 Qc8 35.Qe7 g6 36.e5 c5 37.axb5 axb5
38.e6 Bd5 39.Ne4  1-0

[Event "TCh-HUN 2010-11"]
[Site "Nagykanizsa HUN"]
[Date "2011.03.27"]
[Round "7"]
[White "Hera,I"]
[Black "Varga,P1"]
[Result "1/2-1/2"]
[WhiteElo "2586"]
[BlackElo "2411"]

1.c4 c6 2.e4 d5 3.exd5 cxd5 4.d4 e6 5.Nc3 Bb4 6.Nf3 Ne7 7.Bd3 Nbc6 8.O-O h6
9.a3 dxc4 10.Bxc4 Bd6 11.Qd3 O-O 12.Rd1 Nd5 13.Bb3 Nce7 14.Bc2 f5 15.Bb3 Bd7
16.Bd2 Qb6 17.Nxd5 Nxd5 18.Bxd5 exd5 19.Bc3 f4 20.Ne5 Bf5 21.Qf3 Be4 22.Qh3 Bf5
23.Qf3 Be4 24.Qh3 Bf5 25.Qf3 Be4  1/2-1/2

[Event "TCh-HUN 2010-11"]
[Site "Paks HUN"]
[Date "2011.03.27"]
[Round "7"]
[White "Csom,I"]
[Black "Horvath,Gy1"]
[Result "1/2-1/2"]
[WhiteElo "2439"]
[BlackElo "2356"]

1.c4 c6 2.Nf3 Nf6 3.Nc3 d5 4.e3 e6 5.b3 Bd6 6.Bb2 O-O 7.Qc2 Nbd7 8.Be2 Re8
9.d4 dxc4 10.Bxc4 b5 11.Bd3 Bb7 12.Ng5 h6 13.Nge4 Be7 14.O-O Rc8 15.Rac1 a6
16.Nxf6+ Nxf6 17.Ne4 Nxe4 18.Bxe4 Qb6 19.Qe2 f5 20.Bf3 c5 21.dxc5 Bxc5 22.Rc2 Bxf3
23.Qxf3 Bf8 24.Qe2 Qb7 25.Rfc1 Red8 26.h3 Rxc2 27.Rxc2 Rc8 28.Rxc8 Qxc8 29.Qd3 Qc6
30.Kf1 Kf7 31.Be5 Be7  1/2-1/2

[Event "TCh-BEL 2010-11"]
[Site "Roux BEL"]
[Date "2011.03.27"]
[Round "11.7"]
[White "Blagodarov,V"]
[Black "Claesen,P"]
[Result "1/2-1/2"]
[WhiteElo "2084"]
[BlackElo "2371"]

1.c4 c6 2.g3 d5 3.Bg2 Nf6 4.Nf3 Bg4 5.Ne5 Bf5 6.cxd5 cxd5 7.Qa4+ Nc6 8.Nc3 Bd7
9.Nxd7 Qxd7 10.d4 e6 11.e3 Be7 12.Bd2 O-O 13.O-O Rfc8 14.Rfc1 Qd8 15.Ne2 Nd7
16.Qd1 Nb6 17.Bc3 Rc7 18.Nf4 Bd6 19.Nd3 Rac8 20.Bf1 Nd7 21.Qe1 Nf6 22.Ba5 Nxa5
23.Qxa5 b6 24.Qd2 Ne4 25.Qd1 Rxc1 26.Rxc1 Rxc1 27.Nxc1 g6 28.Nd3 h5 29.Bg2 Nf6
30.Qc2 Kg7 31.Qc6 Qb8 32.Bf3 h4 33.Qc2 hxg3 34.hxg3 Nh7 35.Bg2 Nf6 36.Qc1 Ng4
37.Bf3 Nf6 38.Bg2 Qd8 39.Qd1 Qb8 40.Qc2 Qh8 41.Ne1 Qh5 42.Nf3 Ne4 43.Qc1 Qf5
44.Qe1 g5 45.Nh2 Nf6 46.Qd1 Ne4 47.Bxe4 Qxe4 48.b3 Be7 49.Nf3 Bf6 50.Ne1  1/2-1/2

[Event "1st Armen Norouz Cup"]
[Site "Esfahan IRI"]
[Date "2011.03.28"]
[Round "6"]
[White "Mirzaei,Nima"]
[Black "Mirab,A"]
[Result "0-1"]
[WhiteElo "1521"]
[BlackElo "2092"]

1.c4 c6 2.g3 g6 3.Nc3 Bg7 4.Bg2 f5 5.d3 e5 6.e4 Nf6 7.exf5 gxf5 8.f4 d6 9.Nge2 Be6
10.Be3 Ng4 11.Bd2 Qb6 12.Rf1 Nxh2 13.Rh1 Ng4 14.Rf1 Nd7 15.Qc2 h5 16.O-O-O Nc5
17.fxe5 dxe5 18.Bh3 O-O-O 19.Bxg4 Nxd3+ 20.Kb1 hxg4 21.Bg5 Nb4 22.Bxd8 Rxd8
23.Rxd8+ Qxd8 24.Qd1 Qxd1+ 25.Rxd1 Bxc4 26.Rd6 f4 27.gxf4 exf4 28.Nxf4 Be5
29.Rg6 Bxf4 30.Rxg4 Bd3+ 31.Ka1 Nc2+ 32.Kb1 Ne3+  0-1

[Event "ch-VIE Women Places"]
[Site "Da Lat VIE"]
[Date "2011.03.29"]
[Round "11.2"]
[White "Le Kieu Thien Kim"]
[Black "Doan,T"]
[Result "0-1"]
[WhiteElo "2252"]
[BlackElo "1891"]

1.c4 c6 2.e4 e6 3.Nc3 d5 4.cxd5 exd5 5.exd5 cxd5 6.Bb5+ Bd7 7.Qe2+ Qe7 8.Bxd7+ Kxd7
9.Nxd5 Qxe2+ 10.Nxe2 Nc6 11.O-O Bc5 12.d4 Bd6 13.Bd2 Re8 14.Rfe1 Nge7 15.Ne3 Nb4
16.a3 Nd3 17.Red1 Nd5 18.Rab1 f5 19.Nc3 Nxc3 20.Bxc3 Nf4 21.Nxf5 Ne2+ 22.Kf1 Bxh2
23.Nxg7 Ng3+  0-1

[Event "Bocharov Memorial"]
[Site "Borisoglebsk RUS"]
[Date "2011.04.02"]
[Round "5"]
[White "Tkachuk,Sergey"]
[Black "Bryakin,M"]
[Result "0-1"]
[WhiteElo "2151"]
[BlackElo "2015"]

1.c4 c6 2.Nc3 d5 3.cxd5 cxd5 4.d4 Nc6 5.Bf4 Nf6 6.e3 e6 7.Bd3 Bd6 8.Nge2 a6
9.O-O b5 10.Rc1 Bxf4 11.Nxf4 Bd7 12.Nh5 O-O 13.Nxf6+ Qxf6 14.f4 g6 15.g4 Kh8
16.g5 Qg7 17.h4 h5 18.Rf2 Rfc8 19.f5 gxf5 20.Qxh5+ Qh7 21.Qf3 Ne7 22.Rcf1 Rg8
23.Rg2 f6 24.Kh1 Raf8 25.Qf4 Nc6 26.Qd6 Qe7 27.Qg3 fxg5 28.hxg5 Kg7 29.Be2 Rh8+
30.Bh5 Be8  0-1

[Event "TCh-NOR Attack-serien 2010-11"]
[Site "Oslo NOR"]
[Date "2011.04.02"]
[Round "8"]
[White "Thorstensen,T"]
[Black "Johansen,P"]
[Result "0-1"]
[WhiteElo "2250"]
[BlackElo "2097"]

1.c4 c6 2.Nf3 d5 3.e3 Nf6 4.Nc3 e6 5.a3 Nbd7 6.d4 Bd6 7.b4 O-O 8.Bb2 Re8
9.Qb3 a6 10.a4 dxc4 11.Bxc4 Qe7 12.b5 axb5 13.axb5 Rxa1+ 14.Bxa1 c5 15.O-O Nb6
16.Na4 Nxa4 17.Qxa4 b6 18.dxc5 Bxc5 19.Ne5 Nd7 20.Nc6 Qh4 21.Rd1 Nf6 22.Be5 Ne4
23.Qc2 Nxf2 24.Qxf2 Qxc4 25.Qg3 g6 26.Qf2 f5 27.Qb2 Qg4 28.Re1 Qh4 29.Qc3 Qh6
30.Bd4 Bd6 31.h3 f4 32.Bxb6 f3 33.Ne5 f2+ 34.Kxf2 Qh4+ 35.Ke2 Bb4 36.Qc1 Bxe1
37.Qxe1 Qh5+ 38.Ng4 Qxb5+ 39.Kf2 Rf8+  0-1

[Event "FSIM April"]
[Site "Budapest HUN"]
[Date "2011.04.03"]
[Round "2"]
[White "Brustkern,J"]
[Black "Battey,A"]
[Result "1-0"]
[WhiteElo "2275"]
[BlackElo "2260"]

1.c4 c6 2.d4 d5 3.Nf3 Nf6 4.Nc3 a6 5.c5 Nbd7 6.Bf4 Nh5 7.Qd2 Nxf4 8.Qxf4 Nf6
9.Ne5 Be6 10.f3 g6 11.g4 Bg7 12.h4 Nd7 13.Nd3 b6 14.b4 bxc5 15.bxc5 Qa5 16.Rc1 h6
17.e3 O-O 18.Qh2 Rab8 19.Qd2 f5 20.g5 h5 21.f4 Rb7 22.Be2 Rfb8 23.Kf2 Nf8
24.Nb1 Qc7 25.Qc2 Bc8 26.Nd2 Ne6 27.Nf3 Kh7 28.Rb1 a5 29.Nde5 Nd8 30.Bd3 Bxe5
31.Nxe5 Kg7 32.Ke2 Nf7 33.Nf3 Kf8 34.Nd2 Nd8 35.Rxb7 Rxb7 36.Rb1 Rxb1 37.Qxb1 Ke8
38.a4 Kd7 39.Nf3 Nf7 40.Nd2 Kd8 41.Nb3 Qb8 42.Nxa5 Qxb1 43.Bxb1 Ba6+ 44.Kd2 Kc7
45.Bc2 e6 46.Bd1 Nh8 47.Kc3 Nf7 48.Nb3 Bf1 49.Nd2 Bh3 50.Be2 Bg4 51.Bd3 Kb7
52.Kb4 Bd1 53.Nb1 Bf3 54.Nc3 Nd8 55.a5 Be4 56.Be2 Nf7 57.a6+ Ka7 58.Na4  1-0

[Event "XXVIII Victor Ciocaltea Mem"]
[Site "Bucharest ROU"]
[Date "2011.04.04"]
[Round "11"]
[White "Georgescu,T"]
[Black "Murariu,A"]
[Result "1/2-1/2"]
[WhiteElo "2388"]
[BlackElo "2503"]

1.c4 c6 2.e4 d5 3.exd5 cxd5 4.d4 Nf6 5.Nc3 Nc6 6.Nf3 Bg4 7.cxd5 Nxd5 8.Qb3 Bxf3
9.gxf3 e6 10.Qxb7 Nxd4 11.Bb5+ Nxb5 12.Qc6+ Ke7 13.Qxb5 Qd7 14.Nxd5+ Qxd5
15.Bg5+ f6 16.Qxd5 exd5 17.Be3 Ke6 18.O-O-O Bb4 19.a3 Rhc8+ 20.Kb1 Bc5 21.Rhe1 Bxe3
22.Rxe3+ Kd6 23.Red3 Rc5 24.b4 Rb5 25.Ka2  1/2-1/2

[Event "FSGM April"]
[Site "Budapest HUN"]
[Date "2011.04.04"]
[Round "3"]
[White "Bindrich,F"]
[Black "Antipov,M2"]
[Result "1/2-1/2"]
[WhiteElo "2523"]
[BlackElo "2379"]

1.c4 c6 2.e4 d5 3.exd5 cxd5 4.d4 Nf6 5.Nc3 Nc6 6.Bg5 dxc4 7.d5 Na5 8.Nf3 a6
9.Qd4 b5 10.O-O-O h6 11.Bf4 Bf5 12.Qe5 Qd7 13.Nd4 Bh7 14.Nc6 Ng4 15.Qe2 Qf5
16.Qd2 Nxc6 17.dxc6 e5 18.Bg3 Be7 19.Qd7+ Qxd7 20.cxd7+ Kd8 21.h4 Bc5 22.Rd2 Ra7
23.a4 f6 24.f3 Be3 25.fxg4 Rxd7 26.Be1 Kc8 27.g3 Rhd8 28.Rh2 Bd3 29.Bxd3 Rxd3
30.axb5 axb5 31.Nxb5 Bxd2+ 32.Rxd2 Rxd2 33.Bxd2 Rd3 34.Be1 Kd7 35.Nc3 Rd4
36.g5 hxg5 37.hxg5 f5 38.Ne2 Rd3 39.Kc2 Kc6 40.Bc3 Kd5 41.b3 Rf3 42.bxc4+ Kxc4
43.Kd2 Kd5 44.Bb2 g6 45.Nc3+ Ke6 46.Ne2 Kd6 47.Ba1 Kd5 48.Nc3+ Kc4 49.Ne2 Rd3+
50.Kc2 Rf3 51.Kd2 Rd3+ 52.Kc2 Re3 53.Kd2 Re4 54.Ng1 Kd5 55.Nf3 Ra4 56.Bc3 Ra2+
57.Ke3 Ra3 58.Kd2 Ke4 59.Nh4 Ra2+ 60.Kd1 Ra6 61.Ke2 Ra3 62.Kd2 Ra2+ 63.Kd1 f4
64.gxf4 exf4 65.Nxg6 f3 66.Ke1 Rc2 67.Bd2 f2+ 68.Kxf2 Rxd2+  1/2-1/2

[Event "Schachbundesliga 2010-11"]
[Site "Baden-Baden GER"]
[Date "2011.04.09"]
[Round "14"]
[White "Postny,E"]
[Black "Jugelt,T"]
[Result "1-0"]
[WhiteElo "2595"]
[BlackElo "2409"]

1.c4 c6 2.Nf3 d5 3.d4 Nf6 4.Nc3 a6 5.c5 g6 6.Bf4 Nh5 7.Bd2 Nf6 8.h3 Ne4 9.Bf4 Qa5
10.Qa4 Qxa4 11.Nxa4 Nd7 12.Ne5 Nef6 13.g4 Bg7 14.e3 O-O 15.g5 Ne8 16.Nd3 Bh8
17.h4 Ng7 18.Bh3 Nf5 19.Bxf5 gxf5 20.Rg1 Re8 21.O-O-O e5 22.dxe5 Nxe5 23.Nb6 Rb8
24.Kc2 Nxd3 25.Kxd3 Be5 26.Rde1 Kg7 27.h5 Bxf4 28.exf4 Re4 29.f3 Rxe1 30.Rxe1 Be6
31.Kd4 Re8 32.Na4 f6 33.Nb6 Kf7 34.Rg1 fxg5 35.fxg5 f4 36.Re1 Rg8 37.Re5 h6
38.g6+ Kf6 39.Na4 Bh3 40.Nc3 Bg2 41.Ne2 Bxf3 42.Nxf4 Bg4 43.b4 Rb8 44.Nd3 Rd8
45.Nc1 Rd7 46.Ne2 Rd8 47.Ng3 a5 48.bxa5 Ra8 49.Re1 Rxa5 50.Rf1+ Kg7 51.Nf5+ Bxf5
52.Rxf5 Rxa2 53.Rf7+ Kg8 54.Rxb7 Re2 55.Rc7 Re4+ 56.Kd3 Rh4 57.Rxc6 Rxh5
58.Rd6 Rh1 59.Rd7 Rc1 60.Kd4 h5 61.Rxd5 Kg7 62.Rxh5 Kxg6 63.Re5 Kf6 64.Re2  1-0

[Event "TCh-CAT Div Hon"]
[Site "Barcelona ESP"]
[Date "2011.04.09"]
[Round "11"]
[White "Rodriguez Vargas,O"]
[Black "Magem Badals,J"]
[Result "1/2-1/2"]
[WhiteElo "2419"]
[BlackElo "2573"]

1.c4 c6 2.Nf3 d5 3.d4 Nf6 4.e3 Bf5 5.Nc3 e6 6.Nh4 Be4 7.f3 Bg6 8.g3 Be7 9.cxd5 cxd5
10.Nxg6 hxg6 11.Bd3 Nc6 12.f4 Nd7 13.Bd2 f5 14.Qe2 Rc8 15.Rc1 Kf7 16.Kf2 g5
17.fxg5 Bxg5 18.Kg2 Be7 19.Rcf1 Nf6 20.Nd1 g6 21.Nf2 Bd6 22.Nh3 Qe7 23.Ng5+ Kg7
24.Bc3 Nd8 25.Rc1 Nf7 26.Nf3 Ne4 27.Bd2 Bb8 28.Rxc8 Rxc8 29.Rc1 Rh8 30.Be1 Qf6
31.Nd2 g5 32.Nf1 a6 33.Ba5 Qe7  1/2-1/2

[Event "Schachbundesliga 2010-11"]
[Site "Hamburg GER"]
[Date "2011.04.09"]
[Round "14"]
[White "Miezis,N"]
[Black "Murdzia,P"]
[Result "0-1"]
[WhiteElo "2519"]
[BlackElo "2477"]

1.c4 c6 2.e4 d5 3.exd5 cxd5 4.cxd5 Nf6 5.Bb5+ Nbd7 6.Nc3 a6 7.Qa4 Rb8 8.Bxd7+ Bxd7
9.Qb3 b5 10.d4 b4 11.Na4 Nxd5 12.Nc5 Bb5 13.Nf3 e6 14.Bd2 Be7 15.h4 h6 16.O-O-O Bxc5
17.dxc5 Be2 18.Rde1 Bxf3 19.Qxf3 Rc8 20.Kb1 Rxc5 21.Rc1 Rxc1+ 22.Rxc1 O-O
23.Rc4 a5 24.b3 Qd6 25.Rg4 f5 26.Rc4 Rd8 27.Qe2 e5 28.f3 Rd7 29.g4 Nf6 30.Bc1 Qd3+
31.Qxd3 Rxd3 32.g5 hxg5 33.hxg5 Nd5 34.g6 Ne7 35.Rc5 Nxg6 36.Rxa5 Rxf3 37.Rb5 Rf1
38.Rxb4 Nf4 39.Rb8+ Kf7 40.Kc2 Rf2+ 41.Kd1 Rxa2 42.b4 Nd5 43.b5 f4 44.b6 f3
45.b7 f2 46.Rf8+ Kxf8 47.b8=Q+ Kf7 48.Qb7+ Kg6 49.Qb1+ Kf6  0-1

[Event "2nd Metro Qualifier"]
[Site "Los Angeles USA"]
[Date "2011.04.09"]
[Round "1"]
[White "Kurosaki,T"]
[Black "Sobel,S"]
[Result "1-0"]
[WhiteElo "2148"]
[BlackElo "1918"]

1.c4 c6 2.Nf3 d5 3.e3 Nf6 4.b3 Bf5 5.Bb2 Nbd7 6.Nc3 e6 7.d4 Bb4 8.a3 Bd6
9.Be2 O-O 10.Nh4 Be4 11.Nxe4 Nxe4 12.Nf3 Qa5+ 13.Kf1 f5 14.g3 Qd8 15.Ne5 f4
16.exf4 g5 17.Bd3 gxf4 18.Bxe4 Bxe5 19.Bxh7+ Kxh7 20.Qh5+ Kg7 21.dxe5 Qe8
22.Qg5+ Qg6 23.gxf4 Qxg5 24.fxg5 Rf5 25.cxd5 cxd5 26.h4 Raf8 27.Rh2 Nxe5
28.Re1  1-0

[Event "TCh-NED"]
[Site "Netherlands NED"]
[Date "2011.04.09"]
[Round "8.8"]
[White "Bus,T"]
[Black "Van de Oudeweetering,A"]
[Result "0-1"]
[WhiteElo "2186"]
[BlackElo "2321"]

1.c4 c6 2.g3 d5 3.Nf3 Bg4 4.Bg2 e6 5.O-O Nd7 6.d3 Ngf6 7.cxd5 exd5 8.Nc3 Be7
9.Qc2 O-O 10.h3 Bxf3 11.Bxf3 Re8 12.Bg2 d4 13.Ne4 Nxe4 14.Bxe4 Bf6 15.Bd2 Nb6
16.Rac1 Qd7 17.Kg2 Rad8 18.Rfe1 h5 19.a4 Nd5 20.Qc4 h4 21.g4 Be5 22.Bxd5 cxd5
23.Qb5 Qe7 24.Qc5 Qe6 25.f4 b6 26.Qb4 Bf6 27.e3 dxe3 28.Rxe3 Qd7 29.Qb5 Rxe3
30.Qxd7 Rg3+  0-1